000 00795nam a22002778i 4500
999 _c1777
_d1777
001 022332323
003 UkOxU
005 20230127102230.0
008 191007s2020 enk j 000|f|eng|d
015 _aGBB9J4978
_2bnb
016 7 _a019633851
_2Uk
020 _a9781407184913
_qpaperback
035 _a(Uk)019633851
040 _aStDuBDS
_beng
_erda
_cStDuBDS
_dUkOxU
_dKH8
082 0 4 _a823.92 WOO
_223
100 1 _aWoods, Matilda,
_eauthor.
245 1 0 _aOtto Tattercoat and the forest of lost things /
_cMatilda Woods.
264 1 _aLondon :
_bScholastic,
_c2020.
300 _a1 volume ;
_c19 cm
336 _atext
_2rdacontent
337 _aunmediated
_2rdamedia
338 _avolume
_2rdacarrier
655 0 _aAdventure stories.
655 0 _aChildren's stories.
942 _2ddc
_cNFIC